Najpopularniejsze gry na komputer - Statystyki

Ogólne statystyki
  • Ten quiz został rozwiązany 654 razy
    639 od ostatniego zresetowania
  • Średni wynik to 3 z 7
Statystyki odpowiedzi
Popularność Odpowiedź % Poprawnych
163 mln graczy Minecraft
87%
248 mln graczy Fortnite
82%
196 mln graczy Roblox
61%
149 mln graczy League of legends
45%
19 mln graczy GTA V
31%
58 mln graczy Apex legends
11%
24 mln graczy nice varolant
1%
Nie znaleziono quizów pasujących do podanych kryteriów
Rozkład punktacji
Procent ludzi z każdym wynikiem
Percentyl według liczby udzielonych odpowiedzi
Twoja historia wyników
Nie rozwiązałeś tego quizu od ostatniego zresetowania